ADVANCED ORGANIC CHEMISTRY (Record no. 213555)

MARC details
000 -LEADER
fixed length control field 00339nam a2200145Ia 4500
008 - FIXED-LENGTH DATA ELEMENTS--GENERAL INFORMATION
fixed length control field 221117s9999 xx 000 0 und d
082 ## - DEWEY DECIMAL CLASSIFICATION NUMBER
Item number SIN
100 ## - MAIN ENTRY--PERSONAL NAME
Personal name SINGH, JAGDAMBA
245 #0 - TITLE STATEMENT
Title ADVANCED ORGANIC CHEMISTRY
250 ## - EDITION STATEMENT
Edition statement 19TH
260 ## - PUBLICATION, DISTRIBUTION, ETC.
Name of publisher, distributor, etc. PARGATI PRAKASHAN, MEERUT
Date of publication, distribution, etc. 2013
300 ## - PHYSICAL DESCRIPTION
Extent 778
650 ## - SUBJECT ADDED ENTRY--TOPICAL TERM
Topical term or geographic name entry element Chemistry
942 ## - ADDED ENTRY ELEMENTS (KOHA)
Koha item type Book
Holdings
Withdrawn status Lost status Damaged status Not for loan Home library Current library Shelving location Date acquired Cost, normal purchase price Total Checkouts Full call number Barcode Date last seen Date last checked out Price effective from Koha item type
        Mewar University Central Library Mewar University Central Library Donated 06/06/2022 405.00 1 547 SIN-A DN7447 29/02/2024 14/10/2023 06/06/2022 Book